Nuevas reflexiones sobre el lenguaje / (Record no. 40395)

MARC details
000 -LEADER
campo de control de longitud fija 00743nam a2200241 i 4500
001 - NÚMERO DE CONTROL
campo de control 40395
003 - IDENTIFICADOR DE NÚMERO DE CONTROL
campo de control ES-MaACL
005 - FECHA Y HORA DE LA ÚLTIMA TRANSACCIÓN
campo de control 20250730172203.0
007 - CAMPO FIJO DE DESCRIPCIÓN FÍSICA--INFORMACIÓN GENERAL
campo de control de longitud fija t|
008 - DATOS DE LONGITUD FIJA--INFORMACIÓN GENERAL
campo de control de longitud fija 030306s1972 sp ||||1| spa d
020 ## - NÚMERO INTERNACIONAL ESTÁNDAR DEL LIBRO
Número Internacional Estándar del Libro 84-287-0238-1
100 1# - ENTRADA PRINCIPAL--NOMBRE DE PERSONA
Nombre de persona Carnicer, Ramón,
Fechas asociadas al nombre 1912-2007
9 (RLIN) 35377
245 10 - MENCIÓN DEL TÍTULO
Título Nuevas reflexiones sobre el lenguaje /
Mención de responsabilidad, etc. Ramón Carnicer.
260 ## - PUBLICACIÓN, DISTRIBUCIÓN, ETC.
Lugar de publicación, distribución, etc. Madrid :
Nombre del editor, distribuidor, etc. Prensa Española,
Fecha de publicación, distribución, etc. 1972.
300 ## - DESCRIPCIÓN FÍSICA
Extensión 333 p. ;
Dimensiones 19 cm.
490 1# - MENCIÓN DE SERIE
Mención de serie Vislumbres ;
Designación de volumen o secuencia 31
500 ## - NOTA GENERAL
Nota general Indices.
650 17 - PUNTO DE ACCESO ADICIONAL DE MATERIA--TÉRMINO DE MATERIA
Término de materia o nombre geográfico como elemento de entrada Lengua española
Fuente del encabezamiento o término embne
9 (RLIN) 14115
830 0# - PUNTO DE ACCESO ADICIONAL DE SERIE-TÍTULO UNIFORME
Título uniforme Vislumbres ;
Designación de volumen o secuencia 31
9 (RLIN) 229744
852 ## - LOCALIZACIÓN
Ubicación ES-MaACL
Número de control de estantería C-3586
Sublocalización o colección R.114432
condición física . - Ded. autógr. del autor
852 ## - LOCALIZACIÓN
Ubicación ES-MaACL
Número de control de estantería C-53232
Sublocalización o colección R.84598
Holdings
Estatus retirado Estado de pérdida Estado de daño No para préstamo Biblioteca de origen Biblioteca actual Ubicación en estantería Fecha de adquisición Fuente de adquisición Total de préstamos Signatura topográfica completa Código de barras Visto por última vez Precio de reemplazo Tipo de ítem Koha
        Biblioteca del Ateneo de Madrid Biblioteca del Ateneo de Madrid Depósito 2 17/01/2008     C-53232 1042526 23/02/2023 23/02/2023 Libro impreso
        Biblioteca del Ateneo de Madrid Biblioteca del Ateneo de Madrid Sala Palomar 17/01/2008     C-3586 1042525 23/02/2023 23/02/2023 Libro impreso